00377 a2200145 4500003000400000005001700004008004100021020001800062040000900080082001800089100002200107245005500129260003700184300001000221OSt20231106153921.0231106b |||||||| |||| 00| 0 eng d a9789384355272 coclc a954.83bNED/M aNediyanadu, Hasan aMappilappattinte verukal thedi /cHasan Nediyanadu aCalicut,bVachanam books,c2017. a158 p